000 00335nam a2200133Ia 4500
008 240624s9999 xx 000 0 und d
041 _aeng
082 _a338.7 STE
100 _aSTEINBOCK DAN
245 _aWINNING ACROSS GLOBAL MARKETS HOW NOKIA
260 _c2010
_aSan Francisco
_bJossey-Bass
300 _a304 : p.
365 _c
_b30
999 _c27150
_d27150